00862nas a2200229Ia 4500001001100000003000900011008004100020040001300061040001300074041001300087100004600100210001700146222001700163245010400180250001100284260003900295501008600334300001900420362003900439500011800478650003600596R010/67309IT-RoPAU151124c99999999xx |||||||||||| ||und|| aIT-RoPAU cIT-RoPAU aITALIANO aFenin George N.gCodice Aut. SPICS: 26241 aCINEMA NUOVO aCinema Nuovo aCINEMA NUOVO, ANNO 02-N.005 (15 FEBBRAIO 1953)bAnti Disney Vuole Fare Cartoons Per Gli Adulti (L') a1a ed. aVICENZAbSCUOLA DI ARZIGNANOc1953 bPaulus - SPICS - Società San Paolo EM (non-commercial uses only)cCopyright2015 a2 p. [116-117] aANNO 002, N.005 (15 FEBBRAIO 1953) aSteve Bosustow Ex Allievo di Disney Ha in Progetto Disegni Animati Sulla Battaglia dei Sessi e su Elena di Troia. aCINEMAvPUBBLICAZIONE PERIODICA